00358nam a2200109Ia 4500008004100000082000800041100001800049245006500067942000600132952009500138999001500233240331s9999 xx 000 0 und d bWOM aTambiah,Y. ed 0aWomen and governance in south Asia :bre-imagining the state cL 001040708LaWERCLbWERCLcSSCd2024-03-31l0o 306 WOMp4793r2024-03-31w2024-03-31yL c3490d3490